Ο ρόλος και η θέση της Τουρκίας στον κόσμο : σύγχρονη πραγματικότητα και μελλοντικές προκλήσεις

Αποθηκεύτηκε σε:
Λεπτομέρειες βιβλιογραφικής εγγραφής
Άλλοι συγγραφείς: Καιρίδης, Δημήτρης (Επιμελητής έκδοσης), Martin, Lenore G. (Επιμελητής έκδοσης)
Μορφή: Βιβλίο
Γλώσσα:Greek
English
Δημοσίευση: [Αθήνα] : Σιδέρης, Ι. ; Ίδρυμα Κόκκαλη, [c2006].
Θέματα:
Ετικέτες: Προσθήκη ετικέτας
Δεν υπάρχουν, Καταχωρήστε ετικέτα πρώτοι!

MARC

LEADER 00000cam a2200000 i 4500
001 1/103283
008 090326s2006 gr | ||| |||| ||gre||
020 |a 9600803838 
035 |l 10103986 
040 |a GR-MyUa  |b gre  |e AACR2 
041 1 |a gre  |h eng 
082 7 |a 327.561   |2 (22) 
245 0 2 |a Ο ρόλος και η θέση της Τουρκίας στον κόσμο :   |b σύγχρονη πραγματικότητα και μελλοντικές προκλήσεις /   |c επιμέλεια: Δημήτρης Καιρίδης, Lenore G. Martin.  
260 |a [Αθήνα] :   |b Σιδέρης, Ι. ;   |b Ίδρυμα Κόκκαλη,   |c [c2006].  
300 |a xiv, 410 σ. ;   |c 23 εκ. 
504 |a Περιλαμβάνει βιβλιογραφικές παραπομπές.  
651 0 |a Turkey  |x Foreign relations. 
700 1 |a Καιρίδης, Δημήτρης,  |e edt 
700 1 |a Martin, Lenore G.  |e edt 
765 0 8 |i Μετάφραση του:   |t The future of Turkish foreign policy /  
852 |a INST  |b LESVOS  |c EUDOXUS  |e 20170505  |h 327.561 ΡΟΛ  |p 005100059128  |q 005100059128  |t EDX  |y 0 
852 |a INST  |b RHODES  |e 20090326  |h 327.561 ΡΟΛ  |p 005400031978  |q 005400031978  |t BK  |y 0 
852 |a INST  |b RHODES  |e 20130820  |h 327.561 ΡΟΛ  |p 005400035503  |q 005400035503  |t BK  |y 0 
852 |a INST  |b RHODES  |c EUDOXUS  |e 20170407  |h 327.561 ΡΟΛ  |p 005400039254  |q 005400039254  |t EDX  |y 0 
901 |a BIBL4-2009-1 
901 |a BIBL4-2013-2 
920 |a Εύδοξος  |b Επιστροφή Ρόδος  |y Λέσβος  |z 2017-05 
920 |a Εύδοξος  |b Επιστροφή  |y Ρόδος  |z 2017-04 
970 |a Κόζα  |b Μαρία  |z 2009/03/26